Derecho notarial Salvadoreño/ (Registro nro. 8276)
[ vista simple ]
| 000 -LEADER | |
|---|---|
| fixed length control field | 01357nam a2200193Ia 4500 |
| 005 - FECHA Y HORA DE LA ÚLTIMA TRANSACCIÓN | |
| control field | 20230611103406.0 |
| 008 - FIXED-LENGTH DATA ELEMENTS--GENERAL INFORMATION | |
| fixed length control field | 230609s9999 xx 000 0 und d |
| 040 ## - CATALOGING SOURCE | |
| Original cataloging agency | UPAN |
| Transcribing agency | Biblioteca San Vicente |
| Description conventions | RCAA2 |
| 041 ## - LANGUAGE CODE | |
| Language code of text/sound track or separate title | spa |
| 082 ## - DEWEY DECIMAL CLASSIFICATION NUMBER | |
| Classification number | 247.016 728 4 |
| Item number | M539d |
| 100 ## - MAIN ENTRY--PERSONAL NAME | |
| Personal name | Mendoza Orantes Ricardo |
| Relator code | aut. |
| 245 #0 - TITLE STATEMENT | |
| Title | Derecho notarial Salvadoreño/ |
| Remainder of title | (comentarios) |
| Statement of responsibility, etc | Ricardo Mendoza Orantes |
| 250 ## - EDITION STATEMENT | |
| Edition statement | 3° ed. |
| 260 ## - PUBLICATION, DISTRIBUTION, ETC. (IMPRINT) | |
| Place of publication, distribution, etc | El Salvador: |
| Name of publisher, distributor, etc | Jurídica Salvadoreña, |
| Date of publication, distribution, etc | 1999 |
| 300 ## - PHYSICAL DESCRIPTION | |
| Extent | 206 p.; |
| Dimensions | 25 cm. |
| 505 ## - FORMATTED CONTENTS NOTE | |
| Formatted contents note | Capitulo I: Concepto de derecho notarial<br/>Capitulo II: Contenido del derecho notarial<br/>Capitulo III: Organización del derecho notarial<br/>Capitulo IV: Incapacidades e inhabilidades para ejercer el notariado<br/>Capitulo V: Competencia notarial<br/>Capitulo VI: Responsabilidad notarial<br/>Capitulo VII: Régimen de la función notarial<br/>Capitulo VIII: Régimen del instrumento publico <br/>Capitulo IX: El protocolo<br/>Capitulo X: La escritura matriz<br/>Capitulo XI: Personerías, testigos e interpretes<br/>Capitulo XII: Testimonios <br/>Capitulo XIII: Actas notariales, reconocimiento de documentos privados, autentica y protocolizaciones<br/>Ley de notariado<br/>Programa de examen de suficiencia, previo a la autorización para ejercer la función notarial<br/>Legislación<br/>Abreviaturas usadas |
| 650 ## - SUBJECT ADDED ENTRY--TOPICAL TERM | |
| Source of heading or term | LEMB |
| Form subdivision | Comentarios |
| General subdivision | Derecho notarial |
| 942 ## - ADDED ENTRY ELEMENTS (KOHA) | |
| Koha item type | Libros |
| Source of classification or shelving scheme | Dewey Decimal Classification |
| Withdrawn status | Lost status | Source of classification or shelving scheme | Damaged status | Not for loan | Collection code | Home library | Current library | Date acquired | Total Checkouts | Full call number | Barcode | Date last seen | Price effective from | Koha item type | Copy number |
|---|---|---|---|---|---|---|---|---|---|---|---|---|---|---|---|
| Dewey Decimal Classification | Colección General | Biblioteca UPAN San Vicente | Biblioteca UPAN San Vicente | 09/06/2023 | 247.016 728 4 M539d | 12000877 | 09/06/2023 | 09/06/2023 | Libros | ||||||
| Dewey Decimal Classification | Colección General | Biblioteca UPAN San Vicente | Biblioteca UPAN San Vicente | 11/06/2023 | 247.016 728 4 M539d | 12000878 | 11/06/2023 | 11/06/2023 | Libros | 01 |